Patent information and documentation in Western Europe : an inventory of services available to the public /

Bibliographic Details
Corporate Author: Commission of the European Communities
Other Authors: Bank, H., Fenat-Haessig, M., Roland, M.
Format: Book
Language:English
Published: Munchen ; New York : K.G. Saur, 1981.
Edition:Second rev. and enl. ed. /
Subjects:

MARC

Tag First Indicator Second Indicator Subfields
LEADER 00000cam a2200000 a 4500
001 in00000096041
005 20150923173912.0
008 811219s1981 gw a b 00000 eng
010 |a  81190211  
015 |a GFR*** 
020 |a 3598101589 
035 |a (OCoLC)08110394 
035 |9 AAK8432AM 
039 0 |a 2  |b 3  |c 3  |d 3  |e 3 
040 |a DLC  |c DLC  |d TXA  |d UtOrBLW 
049 |a TXAM  |c [1633478] 
050 0 0 |a T210  |b .P36 1981 
082 0 |a 608.74/07  |2 19 
245 0 0 |a Patent information and documentation in Western Europe :  |b an inventory of services available to the public /  |c Commission of the European Communities. 
250 |a Second rev. and enl. ed. /  |b edited by H. Bank, M. Fenat-Haessig, and M. Roland. 
264 1 |a Munchen ;  |a New York :  |b K.G. Saur,  |c 1981. 
300 |a 268 pages :  |b illustrations ;  |c 24 cm. 
336 |a text  |b txt  |2 rdacontent 
337 |a unmediated  |b n  |2 rdamedia 
338 |a volume  |b nc  |2 rdacarrier 
504 |a Bibliography: pages 262-268. 
650 0 |a Patent literature. 
700 1 |a Bank, H. 
700 1 |a Fenat-Haessig, M. 
700 1 |a Roland, M. 
710 2 |a Commission of the European Communities. 
999 |a MARS 
999 f f |s 376113eb-5d7c-3543-b803-4025ffa88bec  |i 047ab044-2f1d-3021-a507-22cf78420910  |t 0 
952 f f |p ric  |a Texas A&M University  |b Rellis Campus  |c Joint Library Facility  |d Remote Storage  |t 0  |e T210 .P36 1981  |h Library of Congress classification  |i unmediated -- volume  |m A14806010474 
998 f f |a T210 .P36 1981  |t 0  |l Remote Storage